Essays and lectures

Сохранить в:
Библиографические подробности
Главный автор: Emerson, Ralph Waldo
Формат:
Язык:Undetermined
Опубликовано: New York, NY The Library of America 1983
Предметы:
Метки: Добавить метку
Нет меток, Требуется 1-ая метка записи!
Thư viện lưu trữ: Trung tâm Học liệu Trường Đại học Cần Thơ
LEADER 00552nam a2200205Ia 4500
001 CTU_125546
008 210402s9999 xx 000 0 und d
020 |c 15.95 
082 |a 814.3 
082 |b E53 
100 |a Emerson, Ralph Waldo 
245 0 |a Essays and lectures 
245 0 |c Ralph Waldo Emerson ; Edited by Joel Porte 
260 |a New York, NY 
260 |b The Library of America 
260 |c 1983 
650 |a American essays 
650 |y 19th century 
904 |i Minh 
980 |a Trung tâm Học liệu Trường Đại học Cần Thơ